1029 1572 1837 1808 1761 1277 1377 1900 1167 1752 1628 1384 1693 1461 1465 1853 1935 1595 1639 1139 1313 1096 1956 1549 1833 1680 1330 1128 1533 1302 1720 1492 1580 1426 1490 1619 1982 1493 1711 1059 1342 1004 1803 1697 1722 1334 1154 1095 1914 1953 1086 1206 1286 1004 1741 1541 1803 1756 1678 1942 1452 1841 1102 1341 1457 1419 1866 1612 1323 1149 1680 1146 1236 1088 1355 1313 1306 1414 1088 1423 1048 1089 1467 1065 1317 1854 1907 1479 1902 1055 1597 1064 1522 1311 1232 1156 1577 1194 1947 BCNSPRNW ULIB Ver.6.0+V

เปลี่ยนเป็นภาษาไทย

Change to English
 แสดงรายละเอียดบรรณานุกรม
  กลับหน้าหลัก

Brief Record : Get Marc (ISO 2709) : E-mail record : QR code < ปิดหน้าต่าง
LEADER : 00000nam 2200000uu 4500
001    13399110233
003     ULIB
008    110426s2553||||th 000 0 tha d
024    9786161103279
060  4 WA292^ว582ก 2553
110 1  สถาบันการแพทย์ฉุกเฉินแห่งชาติ
245 00 การดูแลผู้บาดเจ็บและเจ็บป่วยฉุกเฉินขั้นสูง ^n(KATEC:Khon Kaen advance trauma and emergency care)^cบรรณาธิการโดย วิทยา ชาติบัญชาชัย, นคร ทิพย์สุนทรศักดิ และพรเลิศ ปลื้มจิตต์มงคล
246 0  KATEC:Khon Kaen advance trauma and emergency care
260    ขอนแก่น:^bเพ็ญพริ้นติ้ง, 2553
300    178 หน้า:^bภาพประอบ
650  7 การปฐมพยาบาล
650  7 การรักษาเบื้องต้น
650  7 การแพทย์ฉุกเฉิน
650  7 บาดแผลและบาดเจ็บ
650  7 Trauma
700 0  นคร ทิพย์สุนทรศักดิ,^eบรรณาธิการ
700 0  พรเลิศ ปลื้มจิตต์มงคล,^eบรรณาธิการ
710 1  สถาบันการแพทย์ฉุกเฉินแห่งชาติ
945    ^p0^l0^i030033
945    ^p0^l0^i030032
945    ^p0^l0^i030031
945    ^p0^l0^i030034
995    เกษร
999 ^a ใช้งานได้ทุกระบบ
รายการนี้ยังไม่มีแท็ก
คุณยังไม่ได้ล็อกอิน คุณสามารถมีกิจกรรมร่วมกับเว็บไซต์ได้ แต่ต้องล็อกอินก่อน ::
  ล็อกอิน

รายการสื่อสารสนเทศ

ลำดับที่ ประเภท เลขเรียก/บาร์โค้ด สถานที่ สถานะ
1. วิทยาศาสตร์การแพทย์ และสุขภาพ
หนังสือสำรอง
สถานะ=หนังสือสำรอง
WA292^ว582ก 2553 ฉ.1 
  Barcode: 030031
ห้องสมุดวิทยาเขตสวรรค์ประชารักษ์
►ส่วนจัดเก็บหนังสือเก่า สปร
บนชั้น
  ขอยืม
2. วิทยาศาสตร์การแพทย์ และสุขภาพ
วิทยาศาสตร์การแพทย์ และสุขภาพ
WA292^ว582ก 2553 ฉ.2 
  Barcode: 030032
ห้องสมุดวิทยาเขตสวรรค์ประชารักษ์
►ส่วนจัดเก็บหนังสือเก่า สปร
บนชั้น
  ขอยืม
3. วิทยาศาสตร์การแพทย์ และสุขภาพ
วิทยาศาสตร์การแพทย์ และสุขภาพ
WA292^ว582ก 2553 ฉ.3 
  Barcode: 030033
ห้องสมุดวิทยาเขตสวรรค์ประชารักษ์
►ส่วนจัดเก็บหนังสือเก่า สปร
บนชั้น
  ขอยืม
4. วิทยาศาสตร์การแพทย์ และสุขภาพ
วิทยาศาสตร์การแพทย์ และสุขภาพ
WA292^ว582ก 2553 ฉ.4 
  Barcode: 030034
ห้องสมุดวิทยาเขตสวรรค์ประชารักษ์
►ส่วนจัดเก็บหนังสือเก่า สปร
บนชั้น
  ขอยืม

รายการใกล้เคียง
    หัวเรื่อง [การปฐมพยาบาล]
    หัวเรื่อง [การรักษาเบื้องต้น]
    หัวเรื่อง [การแพทย์ฉุกเฉิน]
    หัวเรื่อง [บาดแผลและบาดเจ็บ]
    หัวเรื่อง [Trauma]

BibComment


ยังไม่เคยถูกคอมเมนท์

คอมเมนท์ทรัพยากรรายการนี้
  คอมเมนท์: การดูแลผู้บาดเจ็บ..


 Copyright 2026. Bcnsprnw @Library